Tour de France 2020-Classement général - Statistiques

Statistiques générales
  • Ce quiz a été pris 159 fois
  • Le résultat moyen est 12 sur 15
Statistiques - réponses
Rang Nationalité Équipe Nom Écart % Correct
1 Slovénie UAE Pogačar 87h 20min 05s
99%
2 Slovénie Jumbo-Visma Roglic + 59s
99%
14 France Arkéa Samsic Barguil + 31min 04s
91%
11 France Cofidis Martin + 16min 58s
89%
9 Royaume-Uni Mitchelton-Scott Yates + 9min 25s
89%
13 Équateur Ineos Carapaz + 25min 53s
84%
4 Espagne Bahrain McLaren Landa + 5min 58s
84%
8 Colombie EF Uran + 8min 02s
84%
12 Espagne Movistar Valverde + 17min 41s
84%
3 Australie Trek-Segafredo Porte + 3min 30s
81%
5 Espagne Movistar Mas + 6min 07s
78%
15 États-Unis Jumbo-Visma Kuss + 42min 20s
72%
6 Colombie Astana Lopez + 6min 47s
64%
7 Pays-Bas Jumbo-Visma Dumoulin + 7min 48s
57%
10 Italie Bahrain McLaren Caruso + 14min 03s
55%
Aucun quiz correspondant
Distribution des résultats
% des personnes avec chaque résultat
Percentile par nombre de réponses
Votre historique - résultats
Vous n’avez pas pris ce quiz